| 000 | 00768cam a2200193 4500 | ||
|---|---|---|---|
| 001 | WS118262 | ||
| 008 | 020531n 000 0 eng u | ||
| 035 | _a(Sirsi) u118262 | ||
| 110 |
_aInstitute of Quarrying _92766 |
||
| 245 | _aInstitute of Quarrying | ||
| 520 | _aWeb site for this international professional body for quarrying, construction materials and the related extractive and processing industries. Includes an overview of the industry and details of its educational programme. | ||
| 650 | _aORGANISATION | ||
| 650 | _aQUARRYING | ||
| 650 | _aAGGREGATES | ||
| 650 | _aBUILT ENVIRONMENT-BUILDING MATERIALS | ||
| 690 | _aMINING AND MINERALS | ||
| 856 | 4 | 0 |
_uhttps://www.quarrying.org _zView the website free of charge at www.quarrying.org... |
| 942 | _n0 | ||
| 999 |
_c120057 _d120057 |
||